| Tag |
First Indicator |
Second Indicator |
Subfields |
| LEADER |
00000pam a2200000 i 4500 |
| 001 |
in00000318700 |
| 005 |
20151011050434.0 |
| 008 |
780201s1978 nyu b 00110 eng |
| 010 |
|
|
|a 78050788
|
| 020 |
|
|
|a 002914230X
|
| 035 |
|
|
|a (OCoLC)03649635
|
| 035 |
|
|
|9 ABK1143AM
|
| 040 |
|
|
|a DLC
|c DLC
|d TXA
|d UtOrBLW
|
| 043 |
|
|
|a n-us---
|
| 049 |
|
|
|a TXAM
|c [1495658]
|
| 050 |
0 |
0 |
|a KF4118
|b .H3 1978
|
| 082 |
0 |
|
|a 344/.73/071
|
| 100 |
1 |
|
|a Hazard, William R.
|
| 245 |
1 |
0 |
|a Education and the law :
|b cases and materials on public schools /
|c William R. Hazard.
|
| 250 |
|
|
|a 2d ed.
|
| 264 |
|
1 |
|a New York :
|b Free Press,
|c [1978]
|
| 264 |
|
4 |
|c ©1978
|
| 300 |
|
|
|a xvi, 606 pages ;
|c 25 cm.
|
| 336 |
|
|
|a text
|b txt
|2 rdacontent
|
| 337 |
|
|
|a unmediated
|b n
|2 rdamedia
|
| 338 |
|
|
|a volume
|b nc
|2 rdacarrier
|
| 504 |
|
|
|a Includes bibliographies and index.
|
| 650 |
|
0 |
|a Educational law and legislation
|z United States
|v Cases.
|
| 999 |
|
|
|a MARS
|
| 999 |
f |
f |
|s 80a3e999-9a91-336d-9685-fe1b18f7e291
|i d5507b80-a9c7-31bc-9dec-6848bce43658
|t 0
|
| 952 |
f |
f |
|p ric
|a Texas A&M University
|b Rellis Campus
|c Joint Library Facility
|d Remote Storage
|t 0
|e KF4118 .H3 1978
|h Library of Congress classification
|i unmediated -- volume
|m A14814968631
|
| 998 |
f |
f |
|a KF4118 .H3 1978
|t 0
|l Remote Storage
|